00458nam a22001217a 4500082000800000100001900008245013100027260003600158300002600194650002900220700003000249856005700279 a200 aBashir, Qudsia aQualitative Expression Analysis of Interferon Alpha Receptor in Hcv Patients Resistant to Interferon Therapy /cQudsia Bashir. aIslamabad:bASAB - NUST,c2015. a130 p.: ill.;c30,cm. aPhD-Applied Biosciences  aSupervisor:Dr.Amir Rashid uhttp://10.250.8.41:8080/xmlui/handle/123456789/25445